Statistics for The Office US Last Names

Click here to take the quiz!

General Stats

  • This quiz has been taken 260 times
  • The average score is 16 of 21

Answer Stats

HintAnswer% Correct
MichaelScott
100%
JimHalpert
96%
PamBeesly
94%
CreedBratton
87%
RyanHoward
82%
KellyKapoor
80%
AngelaMartin
80%
ToddPacker
80%
StanleyHudson
79%
AndyBernard
77%
OscarMartinez
76%
MeredithPalmer
75%
HollyFlax
74%
TobyFlenderson
74%
JanLevinson
72%
KevinMalone
72%
GabeLewis
64%
DeAngeloVickers
63%
ErinHannon
61%
PhyllisLapin
57%
DavidWallis
25%

Score Distribution

Percentile by Number Answered

Percent of People with Each Score

Your Score History

You have not taken this quiz